00445nam a2200157Ia 4500001000500000005001700005008004100022041000800063082001500071100002700086245012100113260000900234300002800243650000800271654000800279357420260306145653.0260306t2010||||xx |||||||||||||| ||spa|| aESP a289.8bM41 aMelé, DoméneceAUT 0aEl desarrollo humano integral:bcomentarios interdisciplinares a la encíclica Caritas in Veritate de Benedicto XVI c2010 a369 páginas :c21 cm. aGEN aCHU